| 000 | 00490nam a2200181Ia 4500 | ||
|---|---|---|---|
| 001 | 20004 | ||
| 005 | 20260306172734.0 | ||
| 008 | 260306t2006||||xx |||||||||||||| ||spa|| | ||
| 041 | _aESP | ||
| 082 |
_a342.104 _bJ73 |
||
| 100 |
_aMosquera Monelos, Susana [coord.] _eAUT |
||
| 245 | 0 |
_aEl derecho fundamental de igualdad: _bsegundas jornadas sobre derechos humanos |
|
| 260 | _c2006 | ||
| 300 |
_a217 páginas : _c24 cm. |
||
| 650 | _aGEN | ||
| 654 | _aCDE | ||
| 942 |
_cLIB _dJUS _fJUS _2ddc _n |
||
| 999 |
_c20004 _d20004 |
||